000 00270nam a22001097a 4500
008 170116b xxu||||| |||| 00| 0 eng d
020 _a9780323069045
041 _aeng
080 _22ND
_a618.2
245 _aTHE NURSE, THE MATH, THE MEDS
_cMULHOLLAND, J.M
942 _2udc
_cBK
999 _c2938
_d2938